| 000 | 00757nam a22002417a 4500 | ||
|---|---|---|---|
| 005 | 20170203145916.0 | ||
| 010 | _aENG-107516 | ||
| 020 |
_a9788122201307 _c240.00 |
||
| 035 | _aEN-91049 | ||
| 035 | _aB-528083-102 | ||
| 037 | _bDBAD/PUB | ||
| 037 |
_bKBD/Ven _adpl |
||
| 082 | _aN | ||
| 100 | _aChatterji, Bankim Chandra | ||
| 245 |
_aAnandamath / _cby Bankim Chandra Chatterji ; translated from Bengali by Basanta Koomar Roy |
||
| 260 |
_aNew Delhi _bOrient Paperbacks _c2012 |
||
| 270 |
_a5A/8 Ansari Road _bNew Delhi _e110002 |
||
| 300 |
_a167p. _c22cm(pbk) |
||
| 520 | _a13-14EN | ||
| 700 | _aRoy, Basanta Koomar | ||
| 942 |
_2ddc _cEN _hN _mCHA |
||
| 999 |
_c76459 _d76459 |
||